000 00377pab a2200157 454500
008 180718b2001 xxu||||| |||| 00| 0 eng d
100 _aParthasarathy, G.
245 _aBorderline case
260 _c2001
300 _ap.7
362 _a3 May
650 _aIndia - Foreign relations - Bangladesh
650 _aInternational relations
773 _aPioneer
909 _a49576
999 _c49576
_d49576